[Event "Managua"]
[Site "Managua"]
[Date "1985.??.??"]
[Round "?"]
[White "Canda, Danilo"]
[Black "Charpentier Morales, William"]
[Result "1/2-1/2"]
[WhiteElo "2230"]
[BlackElo "2330"]
[PlyCount "90"]
[EventDate "1985.08.??"]
[EventType "tourn"]
[EventRounds "14"]
[EventCountry "NCA"]
[SourceTitle "EXT 2015"]
[Source "ChessBase"]
[SourceDate "2014.11.20"]
[SourceVersion "1"]
[SourceVersionDate "2014.11.20"]
[SourceQuality "1"]

1. e4 c5 2. Nf3 d6 3. d4 cxd4 4. Nxd4 Nf6 5. Nc3 e6 6. Bc4 a6 7. Bb3 Nc6 8. 0-0 Be7 9. Be3 Nxd4 10. Bxd4 b5 11. f4 Bb7 12. e5 dxe5 13. fxe5 Nd7 14. Qg4 0-0 15. Rad1 Nc5 16. Be3 Qc7 17. Bh6 Qxe5 18. Rde1 f5 19. Rxe5 fxg4 20. Bxe6+ Nxe6 21. Rxe6 Rxf1+ 22. Kxf1 Kf7 23. Rb6 Bc8 24. Be3 Bf6 25. Rc6 Bf5 26. Kf2 Be5 27. a4 b4 28. Nd5 Be4 29. Rc5 Bd6 30. Ra5 Ke6 31. Nf4+ Kf7 32. Nd3 Rc8 33. Ne1 Rc6 34. c3 bxc3 35. bxc3 Rxc3 36. Rxa6 Bxh2 37. Ra7+ Kf8 38. Rxg7 Bg1+ 39. Kxg1 Rxe3 40. Kf2 Rxe1 41. Rxg4 Bf5 42. Rf4 Re5 43. g4 Kg7 44. gxf5 Kf6 45. Kf3 Re1 1/2-1/2